Principaux articles du droit de la Famille - Statistiques

Statistiques générales
  • Ce quiz a été pris 53 fois
  • Le résultat moyen est 5 sur 13
Statistiques - réponses
Contenu Article % Correct
Les époux se doivent mutuellement respect, fidélité, secours et assistance 212
73%
Les époux s'obligent mutuellement à une communauté de vie 215
68%
Le mariage est contracté par deux personnes de sexe différent ou de même sexe 143
65%
Il n'y a pas de mariage lorsqu'il n'y a point de consentement 146
63%
On ne peut contracter un second mariage avant la dissolution du premier 147
58%
En ligne directe, le mariage est prohibé entre tous les ascendants et descendants et les alliés dans la même ligne 161
58%
Chacun des époux peut se faire ouvrir, sans le consentement de l'autre, tout compte de dépôt et tout compte de titres en son nom personnel 221
35%
Le divorce peut être demandé par l'un des époux lorsque le lien conjugal est définitivement altéré 237
35%
Le droit de former opposition à la célébration du mariage appartient à la personne engagée par mariage avec l'une des deux parties contractantes. 172
28%
Les débats sur la cause, les conséquences du divorce et les mesures provisoires ne sont pas publics. 248
20%
L'enfant n'a pas d'action contre ses père et mère pour un établissement par mariage ou autrement 204
13%
Un époux ne peut verser aux débats un élément de preuve qu'il aurait obtenu par violence ou fraude 259-1
13%
La demande en divorce est présentée par les avocats respectifs des parties ou par un avocat choisi d'un commun accord 250
3%
Aucun quiz correspondant
Distribution des résultats
% des personnes avec chaque résultat
Percentile par nombre de réponses
Votre historique - résultats
Vous n’avez pas pris ce quiz